04695nab a22008657 4500003000900000022001400009040001800023041000800041044000700049245003000056260002500086300004300111505001100154505002200165505003000187505008800217505002500305505002700330505009400357505002200451505008700473505002000560505007200580505006600652505005900718505007000777505002600847505012100873505001800994505003101012505011301043505002501156505006601181505001901247505002401266505007001290505002101360505002501381505004601406505003701452505016301489505010801652505003701760505007801797505003501875505001801910505009201928505005802020505012602078505012402204505003602328505002102364505016502385505006602550505007202616505003702688505002802725505011202753505003402865505002602899505008302925505004903008505006203057505005003119505007403169505006003243505007303303505006103376505009003437505008303527505005203610505006003662650003303722773007403755AR-RoUNA a0327-9022 aAR-RoUNAbspa aspa aag aSumma+ / bEspecial casas aBuenos Aires ,c1993 a144 p. :bil. byn.bplanosc34 X25 cm.0 tINDICE0 tCASAS - San Pablo0 tPEQUEÑO LOTE, GRAN CASA0 aBernardes Jacobsen / Residencia MAA, Jardín Europa, San Pablo, Brasil, 2009. p. 40 tCASAS - Buenos Aires0 tCASA, PATIO Y JARDÍN0 aKarina Phissa, Diego Real, Ana Pahissa / Casa en Bajo Belgrano, Buenos Aires, 2008. p. 120 tSUBURBIO COMPACTO0 aMariano Clusellas y Cristián O´Connor / Casa MCMC, Vicente López, 2008. p. 200 tCASAS - Japón0 aCathelijne Nuijsink / La dinámica de los techos janoneses. p . 260 aAkio Nakasa; NAF Achitect & Design / Kanagawa, Japón. p. 260 aAkihsa Hirata - Had / IENDIE, Yokohama, Japón. p. 300 aSekkei-Sha - Yoshichika Takagi / House K, Sapporo, Japón. p. 340 tENSAYO - ARQUITECTURA0 aFrancisco González de Canales / 60 años de la Casa Eames: en torno a una habitabilidad sostenible moderna. p. 380 tCASAS - Chile0 tCONTEMPLAR DESDE LA LADERA0 aPilar García A, Carolina Portugueis W, Martín Labbé P / Casa en Zapallar, Quinta Región, 2007. p. 480 tCUBIERTA UNIFICADORA0 aBeals - Lyon / Casa para dos golfistas, Marbella, 2008. p. 520 tCASAS - Perú0 tHABITAR EN EL VALLE0 aJuan Carlos Doblado / Casa en Los Andes, Antioquía, 2008. p. 560 tCASA - Argentina0 tVOLADIZO Y PENDIENTE0 aA4 Estudio / Casa 5, Mendoza, 2009. p. 600 tEXPOSICIONES - BIENAL DE VENECIA0 aPatricia Tetzlaff / La gente se encuanra en la arquitectura (¨People Meet in architecture¨): la XII edición de La Bienal de Arquitectura de Venecia. p. 660 aRem Koolhaas, Oma-Amo / Cronocaos: instalación de Oma en La Bienal de Arquitectura de Venecia. p. 700 tCOMUNIDADES CERRADAS - OPINIÓN0 aGuillermina Abeledo / Consensos delimitados, Paisajes construidos. p . 780 tCOMUNIDADES CERRADAS - Uruguay0 tCAMPO CON MAR0 aLacroze-Miguers-Prat / Club de Campo Tajamares de La Pedrera, Departamento Rocha. p. 820 aClaudio Ferrari / Casa en Rocha, Uruguay, 2009. p. 840 aLMP - Eduardo Lacroze, José Ignacio Miguens, Francisco Prati / Casa La Compartida, Tajamares de la Pedrera, 2009. p. 880 aLMP - Eduardo Lacroze, José Ignacio Miguens, Francisco Prati / Casa La Pietraia, Tajamares de la Pedrera, 2009. p. 920 tCOMUNIDADES CERRADAS - Portugal0 tMODELOS DE AUTOR0 aWATG - Wimberly Allison & Go, Nuno Graça Moura, Madalena Cardoso de Menezes y Francisco Teixeira Bastos / Bom Sucesso, Desing Resort, Leisure anda Golf. p. 960 aAlvaro Siza Viera / Casas Ubicadas en Los Lotes 1 a 14. p. 990 aNuno Graça Moura / 31 Casas Adosadas en el Lote 152, 2008. p. 1040 tCOMUNIDADES CERRADAS - Argentina0 tCLUB HOUSE PANORÁMICO0 aIan Dutari; Santiago Carlos Viale Lescano / Club House Altos de San Antonio, Villa Carlos Paz, 2009. p. 1080 tCOMUNIDADES CERRADAS - Brasil0 tCOMBINACIONES SIMPLES0 aIsay Weinfeld / Villas Fasano, en Fazenda Boa Vista, Porto Feliz, 2009. p. 1180 tFRAGMENTOS - World achitecture Festival 20100 aTomás Powell / Peras, manzanas y superestrellas. p. 1240 aIgnacio Ros de Olano / Luxor en papel. p. 1290 aRafael E.J. Iglesia y Sandra Rua / El sitio de San Jerónimo. p. 1300 aFernando Diez / El color de la Patagonia Andina. p. 1320 aSoledad Soria / Premios SCA-CPAU 2010 - Edición Bicentario. p. 1330 aLuis O ´ Grady / La arquitectura del continente. p. 1340 aRoberto Fernández / Aire de revolución: Lissitzky; Agit-Prop en Occidente. p. 1370 aCarlos Verdecchia / El ordenamiento territorial en la agenda pública. p. 1380 aRita Molinos y Mario Sabugo / La Habana. p. 1420 aNorberto Chaves / ¿Quién defiende la ciudad?. p. 144 aArquitectura contemporánea0 aSumma+dBuenos Aires, ArgentinagNº112 (dic-2010), p. 144x0327-9022